К вопросу преодоления непонимания в изучении физики; Прогрессивные технологии и экономика в машиностроении; Т. 2

Dades bibliogràfiques
Parent link:Прогрессивные технологии и экономика в машиностроении: труды III Всероссийской научно-практической конференции, 19-21 мая 2005 года, Юрга/ Томский политехнический университет ; под ред. О. Ю. Ретюнского.— , 2005
Т. 2.— 2005.— С. 158-162
Autor principal: Полицинский Е. В. Евгений Валерьевич
Idioma:rus
Publicat: 2005
Matèries:
Format: Capítol de llibre
KOHA link:https://koha.lib.tpu.ru/cgi-bin/koha/opac-detail.pl?biblionumber=137851

MARC

LEADER 00000naa2a2200000 4500
001 137851
005 20251203163437.0
035 |a (RuTPU)RU\TPU\book\149385 
090 |a 137851 
100 |a 20080516d2005 k y0rusy50 ca 
101 0 |a rus 
102 |a RU 
200 1 |a К вопросу преодоления непонимания в изучении физики  |f Е. В. Полицинский 
320 |a Библиогр.: 8 назв. 
461 1 |0 (RuTPU)RU\TPU\book\118979  |t Прогрессивные технологии и экономика в машиностроении  |o труды III Всероссийской научно-практической конференции, 19-21 мая 2005 года, Юрга  |o в 2 т.  |f Томский политехнический университет ; под ред. О. Ю. Ретюнского  |d 2005 
463 0 |0 (RuTPU)RU\TPU\book\118379  |t Т. 2  |v С. 158-162  |d 2005 
610 1 |a обучение 
610 1 |a понимание 
610 1 |a физика 
610 1 |a научные знания 
610 1 |a труды учёных ТПУ 
700 1 |a Полицинский  |b Е. В.  |c физик  |c доцент Юргинского технологического университета (филиала) Томского политехнического университета, кандидат педагогических наук  |f 1974-  |g Евгений Валерьевич  |3 (RuTPU)RU\TPU\pers\24524  |9 10834 
801 1 |a RU  |b 63413507  |c 20080516  |g PSBO 
801 2 |a RU  |b 63413507  |c 20131029  |g RCR 
942 |c BK